| 000 | 01762nam a2200493 i 4500 | ||
|---|---|---|---|
| 001 | 41488 | ||
| 003 | KOSZ 005 | ||
| 005 | 20240405063134.0 | ||
| 008 | 020918s2002 pl a f f |000 0 pol | ||
| 015 | _aPB 2002/14816 | ||
| 020 | _a8322922310 | ||
| 035 | _a991019418369705066 | ||
| 035 | _a(PL-WaBN)b15260707-48omnis_nlop | ||
| 035 | _ab15260707 | ||
| 035 | _a(OCoLC)830353710 | ||
| 035 | _a(PL)b0000001526070 | ||
| 035 | _a(EXLNZ-48OMNIS_NETWORK)9910207783305606 | ||
| 040 |
_aWA N _cWA N _dKOSZ 005/HR |
||
| 041 | 0 | _apol | |
| 046 | _k2002 | ||
| 080 | _a659.3(4-191.2-11)"1989/..." | ||
| 080 | _a(075.8) | ||
| 245 | 0 | 0 |
_aTransformacja systemów medialnych w krajach Europy Środkowo-Wschodniej po 1989 roku / _cpod red. Bogusławy Dobek-Ostrowskiej. |
| 260 |
_aWrocław : _bWydaw. Uniwersytetu Wrocławskiego, _c2002. |
||
| 300 |
_a239 s. : _bil. ; _c24 cm. |
||
| 380 | _aKsiążki | ||
| 380 | _aPublikacje dydaktyczne | ||
| 385 |
_mPoziom nauczania _aSzkoły wyższe |
||
| 388 | _a2001- | ||
| 490 | 1 |
_aActa Universitatis Wratislaviensis, _x0239-6661 ; _vno 2335 |
|
| 504 | _aBibliogr. przy rozdz. | ||
| 658 | _aMedia i komunikacja społeczna | ||
| 655 | 7 |
_aPodręczniki akademickie _2DBN |
|
| 648 | 7 | _a1901-2000 | |
| 651 | 7 | _aEuropa Środkowo-Wschodnia | |
| 650 | 7 |
_aŚrodki masowego przekazu _2DBN |
|
| 648 | 7 | _a1989-2000 | |
| 710 | 2 |
_aWydawnictwo Uniwersytetu Wrocławskiego _4pbl |
|
| 700 | 1 |
_aDobek-Ostrowska, Bogusława _d(1955- ) _eRedakcja |
|
| 830 | 0 |
_aActa Universitatis Wratislaviensis, _vnr 2335 |
|
| 856 |
_uhttp://koha.tu.koszalin.pl/cgi-bin/koha/opac-detail.pl?biblionumber=41488 _yKatalog online BPK |
||
| 942 |
_2UKD _cKS |
||
| 999 |
_c41488 _d41488 |
||